000 00557nam a22001937a 4500
005 20251108165848.0
008 250721s1999 xx 000 0 ara d
082 1 4 _a324.262/رمض
100 1 _aرمضان، عبد العظيم
245 1 0 _aتطور الحركة الوطنية في مصر /
264 1 _aالقاهرة :
_c1999.
300 _a
650 1 7 _aتاريخ مصر
650 1 7 _aحركات التحرر الوطني
650 1 7 _aالأحزاب السياسية
650 1 7 _aالقومية
942 _2ddc
_cBK
999 _c33240
_d33240